000 00445nam a2200181Ia 4500
001 996
005 20260306140559.0
008 260306t2011||||xx |||||||||||||| ||spa||
041 _aESP
082 _a179
_bA72
100 _aAristóteles
_eAUT
245 0 _aÉtica:
_bVersión resumida y comentada por José Ramón Ayllón
260 _c2011
300 _a141 páginas :
_c21 cm.
650 _aGEN
654 _aCHU
942 _cLIB
_dJUS
_fJUS
_2ddc
_n
999 _c996
_d996